000 00851nam a2200265 i 4500
001 180255
003 ES-MaACL
005 20250729081207.0
008 120521s1982 sp |||| | spa d
020 _a84-85887-03-4
080 _a575.8 Darwin, Charles
080 _a572(04)
080 _a008(04)
100 1 _aAzcona, Jesús.
_924265
245 1 0 _aAntropología biosocial
_b: Darwin y las bases modernas del comportamiento /
_cJesús Azcona.
260 _a[Barcelona] :
_bAnthropos,
_c[1982]
300 _a47 p. ;
_c28 cm.
490 1 _aCuadernos Antropología ;
_v1
504 _aBibliografía: p. 41-47.
600 1 4 _aDarwin, Charles,
_d1809-1882
_942770
650 7 _aAntropología física
_2embne
_99893
830 0 _aCuadernos de antropología
_v1
_9224620
852 _aES-MaACL
_j2313-F-1
999 _c180255
_d180255